Mens NCAA March Madness Bracket 2024 - Round of 64 - Statistics

General Stats
  • This quiz has been taken 133 times
  • The average score is 41 of 64
Answer Stats
Hint Answer % Correct
4 Duke
90%
7 Florida
89%
7 Texas
89%
1 UConn
88%
4 Alabama
87%
9 Michigan St
86%
3 Kentucky
85%
11 NC State
85%
1 Purdue
85%
1 North Carolina
84%
1 Houston
82%
2 Arizona
79%
4 Kansas
79%
2 Tennessee
78%
5 Gonzaga
77%
10 Colorado
76%
3 Illinois
76%
2 Iowa St
74%
14 Oakland
74%
5 San Diego St
74%
4 Auburn
72%
6 Texas Tech
72%
5 Wisconsin
72%
3 Creighton
71%
3 Baylor
69%
6 Clemson
69%
13 Yale
69%
5 Saint Mary's
68%
9 Texas A&M
68%
11 Oregon
67%
6 BYU
65%
8 Mississippi St
65%
2 Marquette
64%
9 Northwestern
64%
8 Utah St
64%
8 Nebraska
63%
8 Florida Atlantic
62%
7 Washington St
62%
11 New Mexico
61%
9 TCU
61%
10 Colorado St
58%
10 Nevada
58%
6 South Carolina
57%
7 Dayton
56%
12 Grand Canyon
55%
10 Drake
54%
12 James Madison
54%
12 McNeese
51%
12 UAB
51%
13 Vermont
51%
15 Saint Peter's
50%
16 Stetson
50%
13 Samford
48%
11 Duquesne
47%
15 S Dakota St
45%
16 Wagner
45%
16 Longwood
43%
14 Morehead St
42%
14 Akron
41%
14 Colgate
41%
16 Grambling St
41%
15 Long Beach St
37%
13 Charleston
36%
15 Western Ky
5%
No matching quizzes found
Score Distribution
Percent of People with Each Score
Percentile by Number Answered
Your Score History
You have not taken this quiz